00663 2200193 4500001002100000005001500021035002000036007000300056008003900059082001000098084001600108100001400124245014600138260010200284300004400386650001100430600001500441022001300456INLIS00000000000125920250325083103 a0010-0325000021ta250325 | | |  a631.2 a631.2 LIN p0 aLina Wang1 aPredictive control for greenhouse temperature and humidity and energy optimization by improved NMPC objective function algorithm /cLina Wang aChina, Beijing :bInternational Journal of Agricultural and Biological Engineering (IJABE),c2024 a128-136 hlm, :bIlus ;c21 cm x 29,7 cm 4aJurnal 4arumah kaca a19346352